| 000 | 00420cam a2200181ua 4500 | ||
|---|---|---|---|
| 001 | 7435 | ||
| 008 | 141210n ii |||gr||||Z||||||ben | ||
| 040 | _cMAIN | ||
| 041 | _aben | ||
| 082 | _a2945 | ||
| 100 |
_aSastri, H. B., _eAuthor. |
||
| 245 | 1 |
_aTantraparichay _cBy Hukhmay Bhattacharya Sastri |
|
| 250 | _a1st. | ||
| 260 |
_aKolkatta: _bBiswabharati, _c1962. |
||
| 300 | _a97p. | ||
| 653 | _aHinduism | ||
| 942 | _cBK | ||
| 999 |
_c6558 _d6558 |
||